Normal view
MARC view
- Chapra, Steven C Canale, Raymond P
Entry Personal Name
001 - CONTROL NUMBER
- control field: 59641
003 - CONTROL NUMBER IDENTIFIER
- control field: NUST
005 - DATE AND TIME OF LATEST TRANSACTION
- control field: 20210628202358.0
008 - FIXED-LENGTH DATA ELEMENTS
- fixed length control field: 210628|| aca||aabn | a|a d
040 ## - CATALOGING SOURCE
- Original cataloging agency: NUST
- Transcribing agency: NUST
100 ## - HEADING--PERSONAL NAME
- Personal name: Chapra, Steven C Canale, Raymond P
670 ## - SOURCE DATA FOUND
- Source citation: Work cat.: (NUST): Chapra, Steven C Canale, Raymond P, Numerical methods for engineers , with programming and software applications, 1998
